[Event "Obert Pobla de Lillet 2016"]
[Site "La Pobla de Lillet ESP"]
[Date "2016.08.04"]
[Round "3.3"]
[White "Capellades Subirana, M."]
[Black "Gonzalez Rodriguez, JA."]
[Result "1/2-1/2"]
[WhiteElo "2148"]
[BlackElo "2306"]
[PlyCount "136"]
[EventDate "2016.08.02"]
[EventType "swiss"]
[EventRounds "9"]
[EventCountry "ESP"]
[SourceTitle "Ajedrez en Madrid"]
[Source "lmi"]
[SourceDate "2016.08.02"]

1. e4 e6 2. d4 d5 3. Nd2 c5 4. dxc5 Bxc5 5. Ngf3 Nf6 6. Bb5+ Nc6 7. O-O dxe4 8.
Ne5 Bd7 9. Bxc6 Bxc6 10. Nxc6 bxc6 11. Qe2 e3 12. fxe3 O-O 13. Kh1 Bb6 14. Nf3
Qd5 15. c4 Qe4 16. Bd2 Rad8 17. Rae1 h6 18. Bc3 Nd7 19. Nd2 Qg6 20. Rf4 e5 21.
Rg4 Qe6 22. e4 Bd4 23. Rg3 c5 24. Nf3 Bxc3 25. bxc3 f5 26. exf5 Rxf5 27. Qe4
Nb6 28. Rg4 Nd7 29. Qb7 Rf7 30. Rge4 Rf5 31. Qd5 Re8 32. Kg1 Kh7 33. Qd3 Kh8
34. h3 Qf7 35. Qd5 Kg8 36. R4e3 h5 37. Re4 g6 38. Nh4 Rf6 39. Nf3 Rf5 40. Nh4
Qxd5 41. cxd5 Rf6 42. Nf3 Ra6 43. R4e2 Kg7 44. Nxe5 Nxe5 45. Rxe5 Rxe5 46. Rxe5
Kf6 47. Re2 c4 48. Re4 Ra5 49. Rd4 Ke7 50. Rxc4 Rxa2 51. Rc6 g5 52. Rg6 g4 53.
hxg4 hxg4 54. Rxg4 Kd6 55. c4 Kc5 56. Rg7 Kxc4 57. d6 a5 58. Ra7 Kb5 59. Ra8
Rd2 60. Rb8+ Kc6 61. Rc8+ Kb7 62. Rc3 Rxd6 63. Kf2 a4 64. Ra3 Rd4 65. Ke3 Rg4
66. Kd2 Kb6 67. g3 Kb5 68. Rf3 Kc4 1/2-1/2

[Event "Obert Pobla de Lillet 2016"]
[Site "La Pobla de Lillet ESP"]
[Date "2016.08.04"]
[Round "3.4"]
[White "Uribe Arteaga, D."]
[Black "Moya Arau, C."]
[Result "1-0"]
[WhiteElo "2301"]
[BlackElo "2017"]
[PlyCount "73"]
[EventDate "2016.08.02"]
[EventType "swiss"]
[EventRounds "9"]
[EventCountry "ESP"]
[SourceTitle "Ajedrez en Madrid"]
[Source "lmi"]
[SourceDate "2016.08.02"]

1. e4 c5 2. d3 Nc6 3. g3 g6 4. Bg2 Bg7 5. f4 d6 6. Nf3 e5 7. O-O Nge7 8. c3 O-O
9. Na3 h6 10. Be3 b6 11. Qd2 Kh7 12. d4 cxd4 13. cxd4 Ba6 14. Rfd1 Rc8 15. fxe5
dxe5 16. d5 Na5 17. d6 Nec6 18. Bh3 Rb8 19. Rac1 Qf6 20. Kg2 Nd8 21. b4 Bb7 22.
bxa5 Bxe4 23. Rf1 bxa5 24. Rc4 Bc6 25. Rh4 e4 26. Ne1 Qe5 27. Kg1 Rb2 28. Nc4
Rxd2 29. Nxe5 Re2 30. Nxc6 Nxc6 31. Rxe4 f5 32. Re6 Bd4 33. Ng2 Rb8 34. d7 Rd8
35. Rxc6 Bxe3+ 36. Nxe3 Rxe3 37. Rd1 1-0

[Event "Obert Pobla de Lillet 2016"]
[Site "La Pobla de Lillet ESP"]
[Date "2016.08.04"]
[Round "3.5"]
[White "Fabre Massana, M."]
[Black "Mellado Triviño, J."]
[Result "1/2-1/2"]
[WhiteElo "2088"]
[BlackElo "2427"]
[PlyCount "86"]
[EventDate "2016.08.02"]
[EventType "swiss"]
[EventRounds "9"]
[EventCountry "ESP"]
[SourceTitle "Ajedrez en Madrid"]
[Source "lmi"]
[SourceDate "2016.08.02"]

1. e4 c5 2. Nf3 Nc6 3. d4 cxd4 4. Nxd4 e5 5. Nb5 a6 6. Nd6+ Bxd6 7. Qxd6 Qf6 8.
Qxf6 Nxf6 9. Nc3 h6 10. Bd3 d6 11. O-O Be6 12. Be3 Ke7 13. f3 Rac8 14. Rad1 Na5
15. Rf2 Rc6 16. Bc1 Rhc8 17. a3 b5 18. Bd2 Nc4 19. Bxc4 Rxc4 20. g4 Nd7 21. Be3
b4 22. axb4 Rxb4 23. Bc1 Nb6 24. Rd3 Rbc4 25. Be3 Nd7 26. Rfd2 R8c6 27. Kf2 a5
28. Nd5+ Bxd5 29. Rxd5 a4 30. Ke2 Rxc2 31. Rxd6 Rxd2+ 32. Rxd2 Nb6 33. Bxb6
Rxb6 34. Kf2 g6 35. Kg3 Ke6 36. Rc2 f5 37. gxf5+ gxf5 38. exf5+ Kxf5 39. Rc4
Rxb2 40. Rxa4 Rd2 41. Rh4 Kg5 42. Rg4+ Kf5 43. Rh4 Kg5 1/2-1/2

[Event "Obert Pobla de Lillet 2016"]
[Site "La Pobla de Lillet ESP"]
[Date "2016.08.04"]
[Round "3.6"]
[White "Perez Garcia, A."]
[Black "Collell Rodriguez, V."]
[Result "1-0"]
[WhiteElo "2073"]
[BlackElo "1860"]
[PlyCount "101"]
[EventDate "2016.08.02"]
[EventType "swiss"]
[EventRounds "9"]
[EventCountry "ESP"]
[SourceTitle "Ajedrez en Madrid"]
[Source "lmi"]
[SourceDate "2016.08.02"]

1. e4 c5 2. c3 Nf6 3. e5 Nd5 4. d4 cxd4 5. Nf3 e6 6. cxd4 d6 7. Bc4 Be7 8. O-O
O-O 9. Bd2 b6 10. Nc3 Nxc3 11. Bxc3 Ba6 12. Bxa6 Nxa6 13. Qe2 Nc7 14. Rac1 Rc8
15. Bb4 dxe5 16. Bxe7 Qxe7 17. dxe5 Nd5 18. Qa6 Rc7 19. g3 Qd7 20. Qd3 Rfc8 21.
Qd2 Rxc1 22. Rxc1 Rxc1+ 23. Qxc1 Qc7 24. Qxc7 Nxc7 25. Kf1 Kf8 26. Nd4 Nd5 27.
Ke2 Ke8 28. a3 Kd7 29. Kd3 a6 30. h4 h5 31. Kc4 g6 32. Nf3 Ke7 33. Ng5 Nc7 34.
Ne4 Nd5 35. a4 f6 36. exf6+ Nxf6 37. Nxf6 Kxf6 38. Kd4 g5 39. hxg5+ Kxg5 40. f3
Kf6 41. b4 Kf5 42. a5 b5 43. Kc5 e5 44. Kb6 e4 45. fxe4+ Kxe4 46. Kxa6 Kf3 47.
Kxb5 Kxg3 48. a6 h4 49. a7 h3 50. a8=Q h2 51. Qh1 1-0

[Event "Obert Pobla de Lillet 2016"]
[Site "La Pobla de Lillet ESP"]
[Date "2016.08.04"]
[Round "3.7"]
[White "Tejero Royo, F."]
[Black "Renteria Becerra, J."]
[Result "0-1"]
[WhiteElo "2012"]
[BlackElo "2264"]
[PlyCount "54"]
[EventDate "2016.08.02"]
[EventType "swiss"]
[EventRounds "9"]
[EventCountry "ESP"]
[SourceTitle "Ajedrez en Madrid"]
[Source "lmi"]
[SourceDate "2016.08.02"]

1. g3 g6 2. Bg2 Bg7 3. d4 c5 4. dxc5 Na6 5. Nc3 Nxc5 6. Nf3 Nf6 7. O-O O-O 8.
Bf4 d6 9. a4 a6 10. Nd2 Ne6 11. Nc4 Nxf4 12. gxf4 Qc7 13. Qd3 d5 14. Ne5 Be6
15. e3 Rad8 16. Rfc1 Bf5 17. Qd2 Ne4 18. Nxe4 dxe4 19. Qb4 Bxe5 20. fxe5 Rd5
21. f3 a5 22. Qc3 Rc5 23. Qd2 exf3 24. Bxf3 Rd8 25. Qg2 Qxe5 26. e4 Be6 27. c3
Qf4 0-1

[Event "Obert Pobla de Lillet 2016"]
[Site "La Pobla de Lillet ESP"]
[Date "2016.08.04"]
[Round "3.8"]
[White "Simon Padros, E."]
[Black "Masachs Vendrell, F."]
[Result "1/2-1/2"]
[WhiteElo "2191"]
[BlackElo "1975"]
[PlyCount "57"]
[EventDate "2016.08.02"]
[EventType "swiss"]
[EventRounds "9"]
[EventCountry "ESP"]
[SourceTitle "Ajedrez en Madrid"]
[Source "lmi"]
[SourceDate "2016.08.02"]

1. e4 e6 2. d4 b6 3. Bd3 Bb7 4. Nf3 Nf6 5. Qe2 Be7 6. e5 Nd5 7. a3 c5 8. dxc5
bxc5 9. O-O Nc6 10. c4 Nb6 11. Nc3 Qb8 12. Bf4 f5 13. Nb5 Nc8 14. Rad1 O-O 15.
Bc2 a6 16. Nc3 Nb6 17. b3 Qe8 18. Qe3 Qg6 19. Ne2 Nd4 20. Nexd4 cxd4 21. Qe2
Bxa3 22. Rxd4 Bc5 23. Rdd1 Qg4 24. Bc1 a5 25. h3 Qg3 26. Be3 Bxf3 27. Qxf3 Qxe5
28. Bxc5 Qxc5 29. Qd3 1/2-1/2

[Event "Obert Pobla de Lillet 2016"]
[Site "La Pobla de Lillet ESP"]
[Date "2016.08.04"]
[Round "3.9"]
[White "Prats Rodriguez, JB."]
[Black "Travesset Ribera, D."]
[Result "0-1"]
[WhiteElo "1952"]
[BlackElo "2139"]
[PlyCount "132"]
[EventDate "2016.08.02"]
[EventType "swiss"]
[EventRounds "9"]
[EventCountry "ESP"]
[SourceTitle "Ajedrez en Madrid"]
[Source "lmi"]
[SourceDate "2016.08.02"]

1. e4 c5 2. Nc3 Nc6 3. g3 g6 4. Bg2 Bg7 5. d3 d6 6. Be3 e5 7. f4 Nd4 8. Nf3 Ne7
9. O-O O-O 10. Qd2 exf4 11. Bxf4 Nxf3+ 12. Rxf3 Qb6 13. Rb1 Be6 14. a3 Rad8 15.
Kh1 d5 16. Bh6 d4 17. Bxg7 Kxg7 18. Na4 Qc6 19. b3 b5 20. Nb2 Qc7 21. Rff1 f6
22. Qf2 Qe5 23. Qd2 Nc6 24. Rf4 h5 25. h4 Rf7 26. Kh2 Rdf8 27. Nd1 Qd6 28. Nf2
Ne5 29. Bf3 Qe7 30. Kg2 Rh8 31. Nh3 Rff8 32. Bd1 Qd7 33. Ng1 Bg4 34. Kh1 Qd6
35. Qa5 Bxd1 36. Rxd1 Qb6 37. Qd2 Rf7 38. Rdf1 Rhf8 39. Nh3 Qe6 40. Nf2 Qc6 41.
Qe2 a6 42. Kg1 Qe6 43. Kh2 Qc6 44. Kg1 Qd7 45. Kg2 Qc6 46. Kg1 c4 47. dxc4 bxc4
48. bxc4 Nxc4 49. Nd3 Ne3 50. Rc1 Ng4 51. Nb4 Qc5 52. Qd3 a5 53. Nd5 Ne5 54.
Qd2 Qxa3 55. c3 d3 56. Rcf1 Qc5+ 57. Qf2 Qxf2+ 58. R1xf2 a4 59. Ra2 Ra8 60. Rf1
a3 61. Rb1 Nc4 62. Rb4 d2 63. Ra1 Nb2 64. Ne3 Rd7 65. Rd4 Rxd4 66. cxd4 a2 0-1

[Event "Obert Pobla de Lillet 2016"]
[Site "La Pobla de Lillet ESP"]
[Date "2016.08.04"]
[Round "3.10"]
[White "Vargas Drechsler, C."]
[Black "Sanpera Bonet, JC."]
[Result "1/2-1/2"]
[WhiteElo "1925"]
[BlackElo "2074"]
[PlyCount "121"]
[EventDate "2016.08.02"]
[EventType "swiss"]
[EventRounds "9"]
[EventCountry "ESP"]
[SourceTitle "Ajedrez en Madrid"]
[Source "lmi"]
[SourceDate "2016.08.02"]

1. e4 d6 2. d4 Nf6 3. Nc3 Nc6 4. f4 e5 5. dxe5 Bg4 6. Nf3 dxe5 7. Be2 Qxd1+ 8.
Bxd1 Bb4 9. O-O Bxc3 10. bxc3 Nxe4 11. Re1 f5 12. Bb2 O-O 13. fxe5 Rfe8 14. Nd4
Nxe5 15. Bxg4 Nxg4 16. Nxf5 g6 17. Ne3 Nxe3 18. Rxe3 Nd6 19. Rxe8+ Rxe8 20. Rf1
Re2 21. Rf2 Re1+ 22. Rf1 Rxf1+ 23. Kxf1 Nc4 24. Bc1 Kf7 25. Ke2 Ke6 26. Kf3 c6
27. Kf4 Nd6 28. Be3 a5 29. Bd4 a4 30. g4 Nb5 31. Ke4 Na3 32. Kd3 Kd5 33. h4 b5
34. h5 Nc4 35. hxg6 hxg6 36. g5 Nd6 37. Bf6 Ne4 38. Bd8 c5 39. Be7 c4+ 40. Ke3
Nxc3 41. a3 Ne4 42. Kf4 Nc5 43. Bf6 Na6 44. Bc3 Nc7 45. Bf6 Ke6 46. Ke4 Nd5 47.
Bh8 b4 48. axb4 Nxb4 49. Kd4 Nxc2+ 50. Kxc4 Kf5 51. Kc3 Ne3 52. Kb4 Kxg5 53.
Kxa4 Kg4 54. Bg7 Nf5 55. Bf6 Ng3 56. Kb4 Nh5 57. Bd8 Kf5 58. Kc4 Nf6 59. Kd3 g5
60. Ke2 g4 61. Kf2 1/2-1/2

[Event "Obert Pobla de Lillet 2016"]
[Site "La Pobla de Lillet ESP"]
[Date "2016.08.04"]
[Round "3.12"]
[White "Gabarro Sole, R."]
[Black "Garcia Galeote, L."]
[Result "1-0"]
[WhiteElo "2058"]
[BlackElo "1962"]
[PlyCount "89"]
[EventDate "2016.08.02"]
[EventType "swiss"]
[EventRounds "9"]
[EventCountry "ESP"]
[SourceTitle "Ajedrez en Madrid"]
[Source "lmi"]
[SourceDate "2016.08.02"]

1. e4 b6 2. d4 Bb7 3. Bd3 Nf6 4. Qe2 Nc6 5. c3 e5 6. d5 Ne7 7. Nf3 Ng6 8. O-O
c6 9. Rd1 Qc7 10. c4 Bc5 11. Nc3 Ng4 12. Rf1 O-O 13. a3 a5 14. Na4 d6 15. g3
Qd7 16. Bd2 cxd5 17. Nxc5 bxc5 18. cxd5 Nh6 19. b4 axb4 20. axb4 cxb4 21. Bxb4
f5 22. Ng5 fxe4 23. Bxe4 Qe7 24. Ne6 Rfc8 25. Rxa8 Rxa8 26. Rc1 Rc8 27. Ra1 Nf7
28. Ra7 Nd8 29. Qb5 Nxe6 30. Rxb7 Nd4 31. Rxe7 Nxb5 32. Rb7 Nd4 33. Bxd6 Re8
34. Rb8 Rxb8 35. Bxb8 Ne2+ 36. Kg2 Nc3 37. Bxg6 hxg6 38. d6 Kf7 39. d7 Ke7 40.
Bxe5 Nd5 41. Bxg7 Kxd7 42. Kf3 Ke6 43. Kg4 Kf7 44. Bd4 Nc7 45. Bb2 1-0

[Event "Obert Pobla de Lillet 2016"]
[Site "La Pobla de Lillet ESP"]
[Date "2016.08.05"]
[Round "4.1"]
[White "Uribe Arteaga, D."]
[Black "Movsziszian, K."]
[Result "0-1"]
[WhiteElo "2301"]
[BlackElo "2495"]
[PlyCount "78"]
[EventDate "2016.08.02"]
[EventType "swiss"]
[EventRounds "9"]
[EventCountry "ESP"]
[SourceTitle "Ajedrez en Madrid"]
[Source "lmi"]
[SourceDate "2016.08.02"]

1. g3 g6 2. Bg2 Bg7 3. e4 d6 4. d3 c5 5. f4 Nc6 6. Nf3 Nf6 7. O-O O-O 8. Nc3
Rb8 9. h3 b5 10. a3 a5 11. g4 b4 12. axb4 axb4 13. Ne2 Nd7 14. c3 bxc3 15. bxc3
Bb7 16. Be3 Ra8 17. Rb1 Qc7 18. Qd2 Ra3 19. f5 Nce5 20. Nxe5 Nxe5 21. fxg6 hxg6
22. Bh6 Ba6 23. Bxg7 Kxg7 24. Nf4 Qa5 25. Ne6+ fxe6 26. Rxf8 Kxf8 27. Rb8+ Kg7
28. Qg5 Qc7 29. Re8 Nf7 30. Rxe7 Kf8 31. Rxc7 Nxg5 32. e5 d5 33. Rxc5 Bxd3 34.
Rc8+ Kf7 35. Rc7+ Ke8 36. h4 Nf7 37. h5 gxh5 38. gxh5 Nxe5 39. Bh3 Ra2 0-1

[Event "Obert Pobla de Lillet 2016"]
[Site "La Pobla de Lillet ESP"]
[Date "2016.08.05"]
[Round "4.2"]
[White "Gonzalez Rodriguez, JA."]
[Black "Cervello Tost, F."]
[Result "0-1"]
[WhiteElo "2306"]
[BlackElo "2322"]
[PlyCount "110"]
[EventDate "2016.08.02"]
[EventType "swiss"]
[EventRounds "9"]
[EventCountry "ESP"]
[SourceTitle "Ajedrez en Madrid"]
[Source "lmi"]
[SourceDate "2016.08.02"]

1. b3 g6 2. Bb2 Nf6 3. Bxf6 exf6 4. d4 c5 5. e3 d5 6. Nf3 Nc6 7. Be2 cxd4 8.
Nxd4 Bg7 9. c3 O-O 10. O-O f5 11. g3 Re8 12. Bf3 Nxd4 13. cxd4 h5 14. Nc3 Be6
15. Qd2 h4 16. Rfc1 hxg3 17. hxg3 Rc8 18. Na4 b6 19. Be2 Qf6 20. Ba6 Rxc1+ 21.
Rxc1 f4 22. gxf4 g5 23. f5 Qxf5 24. Bf1 g4 25. Nc3 g3 26. fxg3 Bh6 27. Qf2 Qg5
28. Re1 Rc8 29. Nd1 Rc1 30. Bg2 Bg4 31. Bf3 Qh5 32. Bxg4 Qxg4 33. Nb2 Rxe1+ 34.
Qxe1 Qf3 35. Nd1 Kg7 36. Kh2 f5 37. Qd2 Kg6 38. a4 a5 39. Qe1 Bg5 40. Qd2 Be7
41. Nc3 Qh5+ 42. Kg1 Bb4 43. Qd3 Bxc3 44. Qxc3 Qf3 45. Qe1 Kg5 46. Qf2 Kg4 47.
Kf1 Qxg3 48. Qd2 Qf3+ 49. Kg1 Qg3+ 50. Kf1 f4 51. e4 Qf3+ 52. Kg1 dxe4 53. d5
e3 54. Qd3 Qg3+ 55. Kh1 Qe1+ 0-1

[Event "Obert Pobla de Lillet 2016"]
[Site "La Pobla de Lillet ESP"]
[Date "2016.08.05"]
[Round "4.4"]
[White "Renteria Becerra, J."]
[Black "Perez Garcia, A."]
[Result "1-0"]
[WhiteElo "2264"]
[BlackElo "2073"]
[PlyCount "57"]
[EventDate "2016.08.02"]
[EventType "swiss"]
[EventRounds "9"]
[EventCountry "ESP"]
[SourceTitle "Ajedrez en Madrid"]
[Source "lmi"]
[SourceDate "2016.08.02"]

1. e4 c6 2. d4 d5 3. e5 Bf5 4. h4 h5 5. Bg5 Qb6 6. Bd3 Bxd3 7. Qxd3 Qxb2 8. e6
f6 9. Bf4 Na6 10. a3 Qxa1 11. Qb3 O-O-O 12. Nf3 Nc7 13. Bxc7 Kxc7 14. O-O Rd6
15. Nc3 Qxf1+ 16. Kxf1 Rxe6 17. Qa4 a6 18. Qa5+ Kc8 19. Na4 Rd6 20. Nc5 Rd7 21.
Qb6 Nh6 22. Nxd7 Kxd7 23. Qxb7+ Kd6 24. Nd2 Nf5 25. Nb3 e6 26. c3 Be7 27. Na5
Bd8 28. Qxc6+ Ke7 29. Nb7 1-0

[Event "Obert Pobla de Lillet 2016"]
[Site "La Pobla de Lillet ESP"]
[Date "2016.08.05"]
[Round "4.5"]
[White "Mellado Triviño, J."]
[Black "Gabarro Sole, R."]
[Result "1-0"]
[WhiteElo "2427"]
[BlackElo "2058"]
[PlyCount "61"]
[EventDate "2016.08.02"]
[EventType "swiss"]
[EventRounds "9"]
[EventCountry "ESP"]
[SourceTitle "Ajedrez en Madrid"]
[Source "lmi"]
[SourceDate "2016.08.02"]

1. e4 e5 2. Nf3 Nc6 3. Bc4 Be7 4. O-O Nf6 5. d4 d6 6. d5 Nb8 7. Nc3 O-O 8. a4
Nbd7 9. a5 a6 10. b4 Nh5 11. b5 axb5 12. Bxb5 f5 13. exf5 Ndf6 14. Ng5 Bxf5 15.
Bd3 Qd7 16. Bxf5 Qxf5 17. Ra4 e4 18. Ngxe4 Rae8 19. Ng5 Qe5 20. Qd4 Nd7 21.
Qxe5 dxe5 22. Ne6 Nc5 23. Nxc5 Bxc5 24. Ne4 Ba7 25. Be3 Bxe3 26. fxe3 Nf6 27.
Nxf6+ Rxf6 28. Rxf6 gxf6 29. Kf2 Ra8 30. e4 b5 31. axb6 1-0

[Event "Obert Pobla de Lillet 2016"]
[Site "La Pobla de Lillet ESP"]
[Date "2016.08.05"]
[Round "4.6"]
[White "Povill Claros, X."]
[Black "Toquero Gracia, P."]
[Result "1-0"]
[WhiteElo "2194"]
[BlackElo "1940"]
[PlyCount "55"]
[EventDate "2016.08.02"]
[EventType "swiss"]
[EventRounds "9"]
[EventCountry "ESP"]
[SourceTitle "Ajedrez en Madrid"]
[Source "lmi"]
[SourceDate "2016.08.02"]

1. e4 c5 2. d4 cxd4 3. c3 dxc3 4. Nxc3 Nc6 5. Nf3 d6 6. Bc4 e6 7. O-O Be7 8.
Qe2 a6 9. Rd1 Qc7 10. Bf4 Nf6 11. e5 Nh5 12. Bg5 dxe5 13. Bxe7 Qxe7 14. Nxe5
Nxe5 15. Qxe5 Nf6 16. Na4 O-O 17. Nb6 Nd7 18. Qc7 Rb8 19. Nxd7 Bxd7 20. Qxd7
Qf6 21. Qd4 Qg5 22. Qe3 Qa5 23. Rd7 b5 24. Bxe6 Qb4 25. Bb3 Rbc8 26. Re1 a5 27.
a3 Qg4 28. Rxf7 1-0

[Event "Obert Pobla de Lillet 2016"]
[Site "La Pobla de Lillet ESP"]
[Date "2016.08.05"]
[Round "4.7"]
[White "Travesset Ribera, D."]
[Black "Masague Artero, G."]
[Result "1/2-1/2"]
[WhiteElo "2139"]
[BlackElo "1747"]
[PlyCount "33"]
[EventDate "2016.08.02"]
[EventType "swiss"]
[EventRounds "9"]
[EventCountry "ESP"]
[SourceTitle "Ajedrez en Madrid"]
[Source "lmi"]
[SourceDate "2016.08.02"]

1. Nf3 Nf6 2. g3 d5 3. Bg2 e6 4. d4 Be7 5. O-O O-O 6. b3 c5 7. dxc5 Bxc5 8. Bb2
Nc6 9. a3 a5 10. Nbd2 Qe7 11. c4 d4 12. b4 axb4 13. axb4 Rxa1 14. Qxa1 Bxb4 15.
Bxd4 Nxd4 16. Qxd4 e5 17. Qb2 1/2-1/2

[Event "Obert Pobla de Lillet 2016"]
[Site "La Pobla de Lillet ESP"]
[Date "2016.08.05"]
[Round "4.8"]
[White "Moya Arau, C."]
[Black "Fabre Massana, M."]
[Result "1-0"]
[WhiteElo "2017"]
[BlackElo "2088"]
[PlyCount "43"]
[EventDate "2016.08.02"]
[EventType "swiss"]
[EventRounds "9"]
[EventCountry "ESP"]
[SourceTitle "Ajedrez en Madrid"]
[Source "lmi"]
[SourceDate "2016.08.02"]

1. e4 e5 2. Nf3 d6 3. d4 exd4 4. Nxd4 Nf6 5. Nc3 Be7 6. f3 Nc6 7. Be3 O-O 8.
Qd2 Nxd4 9. Bxd4 Be6 10. O-O-O c6 11. g4 Nd7 12. Qg2 b5 13. f4 Qa5 14. f5 Bxa2
15. g5 f6 16. gxf6 Nxf6 17. Rg1 Rf7 18. Rd3 Kh8 19. Rh3 Rc8 20. Bxf6 gxf6 21.
Rg3 Rff8 22. Rg7 1-0

[Event "Obert Pobla de Lillet 2016"]
[Site "La Pobla de Lillet ESP"]
[Date "2016.08.05"]
[Round "4.9"]
[White "Povill Batlle, R."]
[Black "Simon Padros, E."]
[Result "1/2-1/2"]
[WhiteElo "1886"]
[BlackElo "2191"]
[PlyCount "53"]
[EventDate "2016.08.02"]
[EventType "swiss"]
[EventRounds "9"]
[EventCountry "ESP"]
[SourceTitle "Ajedrez en Madrid"]
[Source "lmi"]
[SourceDate "2016.08.02"]

1. e4 g6 2. d4 Bg7 3. Nf3 d6 4. Bc4 Nf6 5. Nbd2 O-O 6. O-O Nc6 7. a3 e5 8. dxe5
dxe5 9. h3 Qe7 10. b4 a6 11. Bb2 b5 12. Ba2 Bd7 13. Qe2 Nh5 14. g3 Nd4 15. Bxd4
exd4 16. Rae1 c5 17. e5 cxb4 18. axb4 Rad8 19. Nb3 Bc8 20. Nbxd4 Bxh3 21. Nc6
Qc7 22. Nxd8 Bxf1 23. Kxf1 Qxd8 24. e6 fxe6 25. Qxe6+ Kh8 26. Kg2 Qf6 27. Qxf6
1/2-1/2

[Event "Obert Pobla de Lillet 2016"]
[Site "La Pobla de Lillet ESP"]
[Date "2016.08.05"]
[Round "4.10"]
[White "Sanpera Bonet, JC."]
[Black "Duran Burniol, J."]
[Result "1-0"]
[WhiteElo "2074"]
[BlackElo "1923"]
[PlyCount "117"]
[EventDate "2016.08.02"]
[EventType "swiss"]
[EventRounds "9"]
[EventCountry "ESP"]
[SourceTitle "Ajedrez en Madrid"]
[Source "lmi"]
[SourceDate "2016.08.02"]

1. e4 e6 2. d4 d5 3. exd5 exd5 4. c4 Nf6 5. Nc3 Be6 6. Nf3 c6 7. c5 g6 8. Bf4
Bg7 9. Bd6 Ne4 10. Nxe4 dxe4 11. Ne5 Qa5+ 12. Qd2 Qxd2+ 13. Kxd2 Bxe5 14. dxe5
Bd5 15. Ke3 Nd7 16. g3 f5 17. exf6 Nxf6 18. Bg2 Ng4+ 19. Ke2 Kd7 20. h3 Nh6 21.
g4 Nf7 22. Bf4 Rae8 23. Ke3 Ne5 24. Bxe5 Rxe5 25. Kd4 Re7 26. b3 Rf8 27. Ke3
Ref7 28. Rhf1 b6 29. cxb6 axb6 30. Rad1 Kc7 31. Rd2 b5 32. Bxe4 Bxe4 33. Kxe4
Rf3 34. Rd3 Rxf2 35. Rxf2 Rxf2 36. a3 Rf1 37. b4 Rf2 38. Ke5 Kb6 39. Kd4 Rf6
40. Ke5 Rf2 41. Ke6 Rf1 42. g5 Rf5 43. h4 Rf4 44. h5 Rf5 45. h6 Rxg5 46. Rd7
Rh5 47. Rxh7 g5 48. Kf5 c5 49. Kg4 Rh1 50. bxc5+ Kxc5 51. Kxg5 Kc4 52. Ra7 Rg1+
53. Kf6 Kb3 54. h7 Rh1 55. Kg7 Rg1+ 56. Kf8 Rh1 57. Kg8 Rg1+ 58. Rg7 Rh1 59.
Rg3+ 1-0

[Event "Obert Pobla de Lillet 2016"]
[Site "La Pobla de Lillet ESP"]
[Date "2016.08.05"]
[Round "4.14"]
[White "Garcia Galeote, L."]
[Black "Barcelo Sola, D."]
[Result "1/2-1/2"]
[WhiteElo "1962"]
[BlackElo "2022"]
[PlyCount "68"]
[EventDate "2016.08.02"]
[EventType "swiss"]
[EventRounds "9"]
[EventCountry "ESP"]
[SourceTitle "Ajedrez en Madrid"]
[Source "lmi"]
[SourceDate "2016.08.02"]

1. Nf3 Nc6 2. b3 e5 3. Bb2 e4 4. Nd4 Nxd4 5. Bxd4 c5 6. Bb2 d5 7. d4 e3 8. fxe3
Qh4+ 9. Kd2 Nf6 10. Kc1 Ne4 11. Bc3 Qg5 12. Be1 Qxe3+ 13. Kb2 cxd4 14. Qd3 Nd6
15. Bd2 Qe5 16. c3 dxc3+ 17. Bxc3 Qg5 18. Bd2 Qf5 19. Nc3 Qxd3 20. exd3 Be6 21.
Be2 Be7 22. Bf3 Bf6 23. Rae1 O-O 24. Bf4 Bxc3+ 25. Kxc3 Nb5+ 26. Kd2 Nd4 27.
Bd1 b5 28. Be5 Nc6 29. Bd6 Rfd8 30. Bc5 a5 31. d4 a4 32. b4 Rd7 33. Be2 Rb7 34.
Bd3 Nb8 1/2-1/2

[Event "Obert Pobla de Lillet 2016"]
[Site "La Pobla de Lillet ESP"]
[Date "2016.08.06"]
[Round "5.1"]
[White "Movsziszian, K."]
[Black "Cervello Tost, F."]
[Result "1-0"]
[WhiteElo "2495"]
[BlackElo "2322"]
[PlyCount "75"]
[EventDate "2016.08.02"]
[EventType "swiss"]
[EventRounds "9"]
[EventCountry "ESP"]
[SourceTitle "Ajedrez en Madrid"]
[Source "lmi"]
[SourceDate "2016.08.02"]

1. g3 c5 2. Bg2 Nc6 3. d3 g6 4. f4 Bg7 5. Nf3 d6 6. O-O e6 7. e4 Nge7 8. c3 O-O
9. Be3 b6 10. Na3 Bb7 11. Nc2 d5 12. e5 h5 13. Bf2 Rc8 14. Re1 Rc7 15. h3 d4
16. c4 Nf5 17. Qe2 Rd7 18. Rad1 Nh6 19. Nd2 Na5 20. Bxb7 Nxb7 21. b4 Qe7 22.
bxc5 bxc5 23. Rb1 Rfd8 24. Ne4 Nf5 25. g4 hxg4 26. hxg4 Ne3 27. Bxe3 dxe3 28.
g5 Rxd3 29. Nxe3 Qd7 30. Ng4 Qd4+ 31. Ngf2 Na5 32. Qxd3 Qxd3 33. Nxd3 Rxd3 34.
Rb8+ Bf8 35. Kg2 Nxc4 36. Nf6+ Kg7 37. Rh1 Ne3+ 38. Kf2 1-0

[Event "Obert Pobla de Lillet 2016"]
[Site "La Pobla de Lillet ESP"]
[Date "2016.08.06"]
[Round "5.2"]
[White "Povill Claros, X."]
[Black "Mellado Triviño, J."]
[Result "1/2-1/2"]
[WhiteElo "2194"]
[BlackElo "2427"]
[PlyCount "36"]
[EventDate "2016.08.02"]
[EventType "swiss"]
[EventRounds "9"]
[EventCountry "ESP"]
[SourceTitle "Ajedrez en Madrid"]
[Source "lmi"]
[SourceDate "2016.08.02"]

1. d4 d5 2. c4 dxc4 3. Nf3 a6 4. e3 Bg4 5. Bxc4 e6 6. h3 Bh5 7. Nc3 Nc6 8. O-O
Nf6 9. Be2 Bd6 10. b3 O-O 11. Bb2 Qe7 12. Ne5 Bxe2 13. Nxc6 Bxd1 14. Nxe7+ Bxe7
15. Rfxd1 Rfd8 16. Rac1 Rd7 17. Kf1 Rad8 18. Ke2 h5 1/2-1/2

[Event "Obert Pobla de Lillet 2016"]
[Site "La Pobla de Lillet ESP"]
[Date "2016.08.06"]
[Round "5.3"]
[White "Ayza Ballester, J."]
[Black "Uribe Arteaga, D."]
[Result "0-1"]
[WhiteElo "2168"]
[BlackElo "2301"]
[PlyCount "84"]
[EventDate "2016.08.02"]
[EventType "swiss"]
[EventRounds "9"]
[EventCountry "ESP"]
[SourceTitle "Ajedrez en Madrid"]
[Source "lmi"]
[SourceDate "2016.08.02"]

1. e4 g6 2. d4 Bg7 3. c3 d6 4. Nf3 Nf6 5. Nbd2 O-O 6. a4 Nbd7 7. a5 e5 8. dxe5
dxe5 9. Qc2 c6 10. Be2 Qc7 11. O-O Nh5 12. Nc4 Nf4 13. Bxf4 exf4 14. Rfd1 Nf6
15. Rd2 Nxe4 16. Rdd1 Nf6 17. Nd6 Be6 18. Bc4 Nd5 19. Nb5 cxb5 20. Bxd5 Bxd5
21. Rxd5 b4 22. c4 Rac8 23. Rc1 Rfd8 24. Rcd1 Rxd5 25. Rxd5 Qxc4 26. Qxc4 Rxc4
27. Rd8+ Bf8 28. h3 Kg7 29. Rd7 Rc1+ 30. Kh2 Bc5 31. Nd4 b6 32. Rc7 Rb1 33.
Ne6+ Kf6 34. Nxc5 bxc5 35. Rxc5 Rxb2 36. Rc7 Rxf2 37. Rxa7 Ra2 38. Rb7 f3 39.
Rb6+ Kg7 40. Rxb4 Rxg2+ 41. Kh1 Ra2 42. Rb5 Ra1+ 0-1